Quiz o Kosowie Lackim - Statystyki

Ogólne statystyki
  • Ten quiz został rozwiązany 2 razy
  • Średni wynik to 8 z 12
Statystyki odpowiedzi
Wskazówka Odpowiedź % Poprawnych
Populacja Kosowa Lackiego (w zaokrągleniu) (margines błędu - 100) 2100 (2062)
100%
Województwo, w którym leży Kosów Lacki mazowieckie
100%
Na jakiej historycznej krainie, leży to miasto? Podlasie
100%
Województwo, w którym leżał Kosów Lacki w latach 1975-1998 siedleckie
100%
Powiat, w którym leży Kosów Lacki sokołowski
100%
Tablica rejestracyjna Kosowa Lackiego WSK
100%
Wiek, w którym Kosów Lacki odzyskał prawa miejskie XX (2000)
100%
Wiek, w którym został założony Kosów Lacki XIII
50%
Na jakiej ziemi, leżało to miasto? ziemia {drohicka}
50%
Burmistrz Kosowa Lackiego Jan Słomiak
0%
Klub piłkarski Kosowa Lackiego Kosovia Kosów Lacki
0%
Jak się nazywa dopływ Bugu, na którym leży to miasto? Kosówka
0%
Nie znaleziono quizów pasujących do podanych kryteriów
Rozkład punktacji
Procent ludzi z każdym wynikiem
Percentyl według liczby udzielonych odpowiedzi
Twoja historia wyników
Nie rozwiązałeś tego quizu